| 000 | 00561cam a22001934a 4500 | ||
|---|---|---|---|
| 005 | 20250605164151.0 | ||
| 008 | 250528s ||||||||||||||||||||||||d | ||
| 035 | _a19390 | ||
| 020 | _a9607306597 | ||
| 040 |
_aGR-AtMCL _bgre _dGR-AtMCL _eAACR2 |
||
| 245 | 1 | _aΠΕΡΙΦΕΡΕΙΑΚΗ ΟΙΚΟΝΟΜΙΚΗ ΑΝΑΛΥΣΗ ΚΑΙ ΠΟΛΙΤΙΚΗ ΤΟΜΟΣ Α | |
| 250 | _a3 | ||
| 260 |
_bΑ.Σταμουλης, _c1996 |
||
| 300 | _a296 | ||
| 700 | 1 |
_aΣκουντζος Θεοδωρος Α _95638 |
|
| 942 | _cBK | ||
| 999 |
_c4646 _d4646 |
||